01524cam a22003854i 4500003000900000005001700009008004100026035001900067040003300086082001700119100004500136245007300181264004300254300006700297336002100364337002500385338002300410504004000433504003400473504003500507505046100542526000901003526000901012526000901021526000901030526000901039526000901048526000801057526000801065526000801073526000801081526000801089526000801097600003301105PE-LiUPU20250731184542.0150623s1950 xxka rb 001 0 spa d a(Sirsi) a25755 aPE-LiUPUbspacPE-LiUPUerda04a920bB162211 aBainton, Roland Herbert,d1894-,eautor.10aHere I Stand :ba life of Martín Luther /cRoland Herbert Bainton. 1aLondon :bNew American Library,c1950. a336 páginas :bilustraciones, gráficos ;c18 centímetros atext2rdacontent aunmediated2rdamedia avolume2rdacarrier aBibliografía : páginas 303-314. aÍndices: páginas 327-336. aReferencia: páginas 315-324.0 aThe vow. The cloister. The gospel. The onslaught. The son of iniquity. The saxon Hus. The german Hercules. The wild boar in the vineyard. The appeal to caesar. Here i stand. My Patmos. The return of the exile. No other foundation. Rebuilding the walls. The middle way. Behemoth, leviathan, and the great waters. The school for character. The church territorial. The church tutorial. The church ministerial. The struggle for faith. The measures of the man. aP136 aP135 aP134 aP133 aP144 aP143 aP87 aP35 aP20 aP14 aP10 aP061 aLutero, Martín.d1483-1546